00897nam a22002657a 4500001000700000003000900007005001700016007000700033008003700040020001500077040002200092100003800114245011300152246002600265260002900291300002700320490001500347490002600362500006000388504007300448650001900521700002500540700003500565830003100600007852DO-SdBNP20180125121203.0007852151102b sp 1999 xxu 00| 0 spa d a8481301590 aBPMSUbspacBPMSU10aWells, Herbert George,d1866-194613aLa guerra de los mundos /cHerbert G. Wells ; prólogo Nicolás Casariego ; traducción Ramiro de Maeztu 10aThe war of the worlds aMadrid :bMileniumc1999 a224 p. :bil.,c20 cm.10aTus libros10aCiencia ficciónv44 aLa guerra de los mundos producida originalmente en 1953 aIncluye referencias bibliográficas y notas al pie de las páginas 2NOVELA INGLESA10aSantos, Domingoetr.10aCasariego, Nicolásepról. 00aLas 100 joyas del Milenium